| 000 | 00924cam a22002775a 4500 | ||
|---|---|---|---|
| 001 | 017559348 | ||
| 003 | OSt | ||
| 005 | 20201128023709.0 | ||
| 008 | 150921t2016 enka frb 001 0 eng d | ||
| 020 | _a9781292097268 (pbk.) | ||
| 020 | _a1292097264 | ||
| 040 |
_aStDuBDS _beng _cStDuBDS _dEG-ScBUE |
||
| 082 | 0 | 4 |
_a658.3 _222 _bGOM |
| 100 | 1 |
_aGomez-Mejia, Luis R. _939701 |
|
| 245 | 1 | 0 |
_aManaging human resources / _cLuis R. Gomez-Mejia, David B. Balkin, Robert L. Cardy. |
| 250 | _a8th ed., Global ed. | ||
| 260 |
_aHarlow : _bPearson Education Limited, _cc.2016. |
||
| 300 |
_a623 p. : _bill. ; _c28 cm. |
||
| 500 | _aIncludes student access code inside : My management lab. | ||
| 504 | _aIncludes bibliographical references and indexes. | ||
| 650 | 7 |
_aPersonnel management. _2BUEsh _9994 |
|
| 653 |
_bBUSADM _cMarch2016 |
||
| 700 | 1 |
_aBalkin, David B., _d1948- |
|
| 700 | 1 |
_aCardy, Robert L., _d1955- |
|
| 942 | _2ddc | ||
| 999 |
_c21530 _d21502 |
||